Music Quiz

Random Music or Song Quiz

Animals In Song Titles (Multiple Choice) Quiz Stats

 Plays Quiz not verified by Sporcle

Challenge
Share
Tweet
Embed
Score 0/20 Timer 02:00
0 Plays Today
Question Answer Wrong Answers
'Hungry Like The ____' Duran Duran Wolf
94.4%
Bear
2.2%
Lion
2.2%
Hippo
1.1%
'Rocky_____' The Beatles Racoon
86.7%
Boa
3.3%
Squirrel
5.6%
Rhino
2.2%
'Rock _____' The B-52's Lobster
82.2%
Crab
2.2%
Crocodile
4.4%
Racoon
0%
'The Red _____' Howlin' Wolf Rooster
78.9%
Panda
5.6%
Chicken
1.1%
Iguana
2.2%
'____ (Three Different Ones)' Pink Floyd Pigs
72.2%
Dogs
4.4%
Sheep
8.9%
Horses
5.6%
'Black___' Led Zeppelin Dog
72.2%
Cat
2.2%
Panther
10%
Mamba
8.9%
'The Night_____' Little River Band Owls
71.1%
Hawks
17.8%
Cats
4.4%
Bats
1.1%
'Heavy ______' Jethro Tull Horses
65.6%
Pigs
5.6%
Bulls
17.8%
Ducks
1.1%
'Seven Caged ____' Stone Temple Pilots Tigers
64.4%
Lions
13.3%
Panthers
3.3%
Jaguars
3.3%
'Army____' Tom Waits Ants
64.4%
Beetles
1.1%
Horses
13.3%
Buffaloes
5.6%
'Ride A White _____' T. Rex Swan
64.4%
Duck
3.3%
Dove
17.8%
Goose
2.2%
'______ Man' The Rolling Stones Monkey
58.9%
Ape
15.6%
Gorilla
13.3%
Hawk
3.3%
'Little ____ Man' Mumford & Sons Lion
58.9%
Monkey
16.7%
Walrus
3.3%
Ant
4.4%
'Boris The ____' The Who Spider
57.8%
Tarantula
4.4%
Baboon
15.6%
Bird
5.6%
'____ On Parade' Rage Against The Machine Bulls
55.6%
Elephants
13.3%
Horses
4.4%
Ants
13.3%
'_____ Kingdom' The Toadies Possum
50%
Lion
21.1%
Monkey
2.2%
Buffalo
14.4%
'Where ____ Have Been' Wolfmother Eagles
47.8%
Falcons
6.7%
Doves
13.3%
Seagulls
13.3%
'Pink _____' The National Rabbits
36.7%
Elephants
38.9%
Swans
4.4%
Bunnies
11.1%
'Crawling King ____' The Doors Snake
36.7%
Lizard
11.1%
Crab
16.7%
Cobra
20%
'The Golden_____' Ween Eel
35.6%
Monkey
5.6%
Goose
36.7%
Eagle
15.6%

You're not logged in!

Compare scores with friends on all Sporcle quizzes.
OR
Log In

You Might Also Like...

Show Comments

Extras

Created Jan 14, 2017ReportNominate
Tags:Animal Quiz, Song Quiz, multiple

Top Quizzes Today


Score Distribution

Your Account Isn't Verified!

In order to create a playlist on Sporcle, you need to verify the email address you used during registration. Go to your Sporcle Settings to finish the process.

Report this User

Report this user for behavior that violates our Community Guidelines.

Details: